<?xml version="1.0" encoding="UTF-8"?>
<record
    xmlns:xsi="http://www.w3.org/2001/XMLSchema-instance"
    xsi:schemaLocation="http://www.loc.gov/MARC21/slim http://www.loc.gov/standards/marcxml/schema/MARC21slim.xsd"
    xmlns="http://www.loc.gov/MARC21/slim">

  <leader>01288nam2a2200265   4500</leader>
  <controlfield tag="001">RU\NLR\ONL2\2880</controlfield>
  <controlfield tag="005">20250613124745.0</controlfield>
  <datafield tag="010" ind1=" " ind2=" ">
    <subfield code="a">5-295-03223-X</subfield>
    <subfield code="9">3600</subfield>
  </datafield>
  <datafield tag="035" ind1=" " ind2=" ">
    <subfield code="a">(NLR Aleph) 009650481</subfield>
  </datafield>
  <datafield tag="090" ind1=" " ind2=" ">
    <subfield code="a">9572685</subfield>
    <subfield code="c">9572685</subfield>
  </datafield>
  <datafield tag="100" ind1=" " ind2=" ">
    <subfield code="a">20050113d2003    |||y0rusy50      ca</subfield>
  </datafield>
  <datafield tag="101" ind1="0" ind2=" ">
    <subfield code="a">bak</subfield>
  </datafield>
  <datafield tag="102" ind1=" " ind2=" ">
    <subfield code="a">RU</subfield>
  </datafield>
  <datafield tag="105" ind1=" " ind2=" ">
    <subfield code="a">c |||||||||</subfield>
  </datafield>
  <datafield tag="200" ind1="0" ind2=" ">
    <subfield code="a">1-&#x441;&#x435; &#x43A;&#x438;&#x442;.</subfield>
  </datafield>
  <datafield tag="210" ind1=" " ind2=" ">
    <subfield code="d">2003</subfield>
    <subfield code="a">&#x411;. &#x43C;.</subfield>
  </datafield>
  <datafield tag="215" ind1=" " ind2=" ">
    <subfield code="a">254,[1] &#x431;.</subfield>
    <subfield code="c">&#x43F;&#x43E;&#x440;&#x442;&#x440;.</subfield>
  </datafield>
  <datafield tag="461" ind1=" " ind2="0">
    <subfield code="1">001RU\NLR\ONL2\2879</subfield>
    <subfield code="1">2001#$a&#x41C;&#x44D;&#x433;&#x440;&#x438;&#x444;&#x44D;&#x442;&#x441;&#x435; &#x43C;&#x43E;&#x433;&#x44D;&#x43B;&#x43B;&#x438;&#x43C;&#x434;&#x44D;&#x440;, &#x43A;&#x443;&#x440;&#x435;&#x43D;&#x435;&#x43A;&#x43B;&#x435; &#x443;k&#x44B;&#x442;&#x44B;&#x443;&#x441;&#x44B;&#x43B;&#x430;&#x440; h&#x44D;&#x43C; &#x43C;&#x44D;&#x433;&#x430;&#x440;&#x438;&#x444; &#x44D;&#x448;&#x43C;&#x44D;&#x43A;&#x44D;&#x440;&#x437;&#x44D;&#x440;&#x435;$e&#x422;&#x430;&#x440;&#x438;&#x445;&#x438;-&#x43F;&#x435;&#x434;. &#x43E;&#x447;&#x435;&#x440;&#x43A;&#x442;&#x430;&#x440; h&#x44D;&#x43C; h&#x443;&#x440;&#x44D;&#x442;&#x43B;&#x44D;&#x43C;&#x44D;&#x43B;&#x44D;&#x440;$f&#x41A;.&#x42F;.&#x42F;&#x439;&#x44B;k&#x431;&#x430;&#x435;&#x432;$v1-&#x441;&#x435; &#x43A;&#x438;&#x442;.</subfield>
    <subfield code="1">700#1$a&#x42F;&#x439;&#x44B;k&#x431;&#x430;&#x435;&#x432;$b&#x41A;. &#x42F;.$g&#x41A;&#x430;&#x43C;&#x438;&#x43B; &#x42F;k&#x448;&#x44B;&#x433;&#x438;&#x43B;&#x434;&#x435; &#x443;&#x43B;&#x44B;$4070</subfield>
    <subfield code="9">9572684</subfield>
    <subfield code="a">&#x42F;&#x439;&#x44B;k&#x431;&#x430;&#x435;&#x432;, &#x41A;. &#x42F;.</subfield>
    <subfield code="c">&#x41E;&#x444;&#x43E;</subfield>
    <subfield code="d">2003</subfield>
    <subfield code="f">&#x41A;.&#x42F;.&#x42F;&#x439;&#x44B;k&#x431;&#x430;&#x435;&#x432;</subfield>
    <subfield code="n">&#x41A;&#x438;&#x442;&#x430;&#x43F;</subfield>
    <subfield code="o">&#x422;&#x430;&#x440;&#x438;&#x445;&#x438;-&#x43F;&#x435;&#x434;. &#x43E;&#x447;&#x435;&#x440;&#x43A;&#x442;&#x430;&#x440; h&#x44D;&#x43C; h&#x443;&#x440;&#x44D;&#x442;&#x43B;&#x44D;&#x43C;&#x44D;&#x43B;&#x44D;&#x440;</subfield>
    <subfield code="t">&#x41C;&#x44D;&#x433;&#x440;&#x438;&#x444;&#x44D;&#x442;&#x441;&#x435; &#x43C;&#x43E;&#x433;&#x44D;&#x43B;&#x43B;&#x438;&#x43C;&#x434;&#x44D;&#x440;, &#x43A;&#x443;&#x440;&#x435;&#x43D;&#x435;&#x43A;&#x43B;&#x435; &#x443;k&#x44B;&#x442;&#x44B;&#x443;&#x441;&#x44B;&#x43B;&#x430;&#x440; h&#x44D;&#x43C; &#x43C;&#x44D;&#x433;&#x430;&#x440;&#x438;&#x444; &#x44D;&#x448;&#x43C;&#x44D;&#x43A;&#x44D;&#x440;&#x437;&#x44D;&#x440;&#x435;</subfield>
    <subfield code="v">1-&#x441;&#x435; &#x43A;&#x438;&#x442;.</subfield>
  </datafield>
  <datafield tag="801" ind1=" " ind2="0">
    <subfield code="a">RU</subfield>
    <subfield code="b">NLR</subfield>
    <subfield code="c">20050113</subfield>
    <subfield code="g">PSBO</subfield>
  </datafield>
  <datafield tag="852" ind1=" " ind2=" ">
    <subfield code="a">NLR</subfield>
    <subfield code="b">&#x41E;&#x41D;&#x41B;</subfield>
    <subfield code="j">&#x411;&#x430;&#x448;&#x43A;./3-4705</subfield>
  </datafield>
  <datafield tag="942" ind1=" " ind2=" ">
    <subfield code="c">BOOK</subfield>
  </datafield>
  <datafield tag="980" ind1=" " ind2=" ">
    <subfield code="a">NB</subfield>
  </datafield>
  <datafield tag="980" ind1=" " ind2=" ">
    <subfield code="a">ONL_RF</subfield>
  </datafield>
  <datafield tag="995" ind1=" " ind2=" ">
    <subfield code="5">2013-10-26</subfield>
    <subfield code="b">NLR01</subfield>
    <subfield code="c">NLR01</subfield>
    <subfield code="e">ONL</subfield>
    <subfield code="f">9650481-10</subfield>
    <subfield code="k">&#x411;&#x430;&#x448;&#x43A;./3-4705</subfield>
    <subfield code="o">0</subfield>
    <subfield code="r">BOOK</subfield>
    <subfield code="s">34705_</subfield>
  </datafield>
</record>
